00504nam a22001577a 450000500170000001000150001702000260003203500140005803700130007208200100008524500770009526000550017227000780022730000240030570000170032920170821161355.0 aENG-119960 a9789384782566c900.00 aEN-103492 bDBAD/PUB a659.1 aAdvertisements and their multifold dimensions /cedited by Yash Spriha  aDelhibDisha International Publishing House c2016 aF-7, Gali No. 1, Panchsheel Garden Ext. Naveen Shahdra, bDelhi e1100032 axv, 236p.c22cm(Hb) aYasha Spriha